Komentár k zákonu č. 431/2002 Z.z. o účtovníctve

Charakteristika, ciele a komentár k zákonu č. 431/2002 Z.z. o účtovníctve.

Guardado en:
Detalles Bibliográficos
Autor principal: Fabian, Štefan
Formato: Capítulo de libro
Lenguaje:eslovaco
Materias:
Etiquetas: Agregar Etiqueta
Sin Etiquetas, Sea el primero en etiquetar este registro!

MARC

LEADER 00000naa a2200000 4500
001 r047465
005 20231002074745.9
041 0 |a slo 
044 |a SK 
245 1 0 |a Komentár k zákonu č. 431/2002 Z.z. o účtovníctve  |c Štefan Fabian 
520 |a Charakteristika, ciele a komentár k zákonu č. 431/2002 Z.z. o účtovníctve. 
610 2 0 |a účtovníctvo 
610 2 0 |a zákony 
610 2 0 |a komentáre 
610 2 0 |a Slovensko 
100 1 |a Fabian, Štefan